|
|
|
|
| LEADER |
00000cam a2200000 i 4500 |
| 001 |
1/17934 |
| 008 |
010306s1997 eng d |
| 020 |
|
|
|a 0-471-15553-5
|
| 035 |
|
|
|l 10066313
|
| 040 |
|
|
|a GR-MY-UA
|b gre
|e aacr
|
| 041 |
0 |
|
|a eng
|
| 082 |
0 |
|
|a 658.800285467
|
| 100 |
1 |
|
|a Komenar, Margo.
|
| 245 |
1 |
0 |
|a Electronic marketing /
|c Margo Komenar
|
| 260 |
|
|
|a New York :
|b Wiley,
|c c1997
|
| 300 |
|
|
|a xxiv, 549 p.
|
| 500 |
|
|
|a A comprehensive reference of electronic marketing techniques to help you reach a broader market
|
| 504 |
|
|
|a Includes index
|
| 650 |
0 |
0 |
|a Internet marketing.
|
| 852 |
|
|
|a INST
|b CHIOS
|e 20010306
|h 658.800285467 KOM
|p 005200021559
|q 005200021559
|t BK
|y 0
|
| 901 |
|
|
|a BIBL2-2001-1
|
| 909 |
|
|
|a Χ
|b 083375
|
| 970 |
|
|
|a ΣΑΛΑΜΟΥΡΑ
|b ΜΑΡΙΑ
|z 2001/03/06
|